000 00782nam a2200229 a 4500
999 _c3217
_d3217
001 3217
003 BD-JhCC
005 20171112205659.0
008 171111s1985 bg |||| |||| 000 0 ben d
035 _a(BD-JhCC)
040 _aBD-JhCC
_dBD-JhCC
041 _aben
082 _a323.2
_bHOS1985
100 _aহোসেন, সেলিনা
245 _aউনসত্তরের গণআন্দোলন /
_cসেলিনা হোসেন
260 _aঢাকা:
_bবাংলা একাডেমী ;
_c১৯৮৫
300 _a৯৩ পৃ.;
_c১৮ সেমি
490 _aSeries in honour of the Martyrs of the Language Movement of February 1952.
504 _aIncludes Bibliography
650 _aMass upsurge
_y1969
_zBangladesh
942 _2ddc
_cBK